000 00654nam a2200229 u 4500
005 20230913063553.0
008 120216s2007 mx r 000 0 spa d
020 _a9789703706600
035 _aUPN01000183455
049 _aI
050 4 _aQC981.8 C5
_bC6.2
100 1 _aCook, Roger
245 1 0 _aAlerta en la tierra /
_cRoger Cook ; tr. María del Pilar Carril.
260 _aMéxico :
_bPlaneta,
_cc2007.
300 _a32 p. :
_bil. col.
440 0 _aDestino
650 4 _aCALENTAMIENTO GLOBAL
_98763
650 4 _aEFECTO ATMOSFERICO DE INVERNADERO
_98764
650 4 _aCambios climáticos
_97640
905 _aInfantil
999 _c155558
_d155558